Law Lords confirm threat to all employed professionals (Record no. 68928)
[ view plain ]
| 000 -LEADER | |
|---|---|
| fixed length control field | 01277cam a2200265 4500 |
| 001 - CONTROL NUMBER | |
| control field | ABS64825 |
| 008 - FIXED-LENGTH DATA ELEMENTS--GENERAL INFORMATION | |
| fixed length control field | 011123n2001 000 0 eng u |
| 035 ## - SYSTEM CONTROL NUMBER | |
| System control number | (Sirsi) u115719 |
| 100 ## - MAIN ENTRY--PERSONAL NAME | |
| Personal name | Booth, S. |
| 245 ## - TITLE STATEMENT | |
| Title | Law Lords confirm threat to all employed professionals |
| 260 ## - PUBLICATION, DISTRIBUTION, ETC. | |
| Date of publication, distribution, etc. | 2001 |
| 490 ## - SERIES STATEMENT | |
| Series statement | Engineering Surveying Showcase |
| Volume/sequential designation | (2) 2001, 17(1) |
| 520 ## - SUMMARY, ETC. | |
| Summary, etc. | Considers the implications of the case "Merrett v Babb" (2001) in which the issue raised question of whether an employee was liable to be sued directly for advice he had given whilst acting for the employer. The case found that the defendant surveyor (B) did hold a duty of care to the plaintiff (M). Outlines the viewpoint of the RICS who is urging all professional employees to check their liability position, and concludes with "Showcase" also advising all surveyors and engineers to check, their own or their employer's PI cover. |
| 590 ## - LOCAL NOTE (RLIN) | |
| Local note | ABS |
| 650 ## - SUBJECT ADDED ENTRY--TOPICAL TERM | |
| Topical term or geographic name entry element | PROFESSIONAL LIABILITY |
| 650 ## - SUBJECT ADDED ENTRY--TOPICAL TERM | |
| Topical term or geographic name entry element | MERRETT V BABB |
| 650 ## - SUBJECT ADDED ENTRY--TOPICAL TERM | |
| Topical term or geographic name entry element | INSURANCE ISSUES |
| 650 ## - SUBJECT ADDED ENTRY--TOPICAL TERM | |
| Topical term or geographic name entry element | INSURANCE POLICIES |
| 650 ## - SUBJECT ADDED ENTRY--TOPICAL TERM | |
| Topical term or geographic name entry element | PERSONAL LIABILITY |
| 650 ## - SUBJECT ADDED ENTRY--TOPICAL TERM | |
| Topical term or geographic name entry element | DUTY OF CARE |
| 650 ## - SUBJECT ADDED ENTRY--TOPICAL TERM | |
| Topical term or geographic name entry element | SURVEYORS |
| 650 ## - SUBJECT ADDED ENTRY--TOPICAL TERM | |
| Topical term or geographic name entry element | PROFESSIONAL INDEMNITY INSURANCE |
| 690 ## - LOCAL SUBJECT ADDED ENTRY--TOPICAL TERM (OCLC, RLIN) | |
| Topical term or geographic name as entry element | MANAGEMENT-BUSINESS MANAGEMENT-PROFESSIONAL PRACTICE |
| 942 ## - ADDED ENTRY ELEMENTS (KOHA) | |
| Suppress in OPAC | 0 |
| Withdrawn status | Lost status | Source of classification or shelving scheme | Damaged status | Not for loan | Home library | Current library | Shelving location | Date acquired | Total Checkouts | Full call number | Barcode | Date last seen | Copy number | Price effective from | Koha item type |
|---|---|---|---|---|---|---|---|---|---|---|---|---|---|---|---|
| Dewey Decimal Classification | London | London | Journal article | 23/11/2001 | ABS64825 | 115719-1001 | 06/08/2019 | 1 | 06/08/2019 | Journal article |